000 00854cam a2200265 4500
008 010814n2002 000 0 eng u
020 _a1842190725
035 _a(Sirsi) u114100
041 _aeng
050 _a333.332
100 _aMurdoch, John
245 _aCase in point
_bnegligence in valuations and surveys
260 _aLondon
_bRICS
_c2002
300 _axxiv,94p. ; 21cm.
350 _a19.95
490 _aRICS Case in Point Series
520 _aFirst in a new series of concise guides to property law which aim to cover key issues in a jargon-free style
520 _aSuperseded by 2nd ed. (ISBN: 9781842194249).
650 _aLAW
650 _aNEGLIGENCE
650 _aPROFESSIONAL PRACTICE
690 _aPROPERTY-PROPERTY APPRAISAL AND VALUATION
710 _aRoyal Institution of Chartered Surveyors
_94900
942 _n0
999 _c101573
_d101573